| 000 | 01031nab a22002177a 4500 | ||
|---|---|---|---|
| 999 |
_c6227 _d6227 |
||
| 003 | OSt | ||
| 005 | 20260126023247.0 | ||
| 008 | 190514b xxu||||| |||| 00| 0 spa d | ||
| 040 | _cPJ | ||
| 100 |
_96949 _aVieiros, María Layla |
||
| 245 | 1 | 3 |
_aEl derecho, una gran familia a la que el derecho penal desconoce el parentesco, y cómo el fraude se hermana con la violencia económica / _b _cMaría Layla Vieiros. |
| 300 | _ap. 5-11 | ||
| 500 | _aCita: TR LALEY AR/DOC/2676/2024. | ||
| 505 | _aSumario: I. Introducción.— II. El fallo.— III. Somos familia, no me defraudes.— IV. Conclusión. | ||
| 505 | _tFallo comentado: CNCrim. y Correc., sala IV ~ 13/03/2024 ~ U., J. E. y otros s/ sobreseimiento. | ||
| 650 | 0 |
_9967 _aDERECHO DE FAMILIA |
|
| 650 | 0 |
_95360 _aVIOLENCIA ECONÓMICA |
|
| 650 | 0 |
_91057 _aJURISPRUDENCIA APLICABLE |
|
| 773 | 0 |
_02844 _93222 _dBuenos Aires : AbeledoPerrot, 1989- _tDerecho de familia. Revista Interdisciplinaria de doctrina y jurisprudencia. Diciembre 2024-VI. _z18511201 |
|
| 942 |
_2udc _cANA |
||